<?xml version="1.0" encoding="UTF-8"?>
<collection xmlns="http://www.loc.gov/MARC21/slim">
 <record>
  <leader>00546pamaa2200121   4500</leader>
  <controlfield tag="001">0000034206</controlfield>
  <controlfield tag="005">20110218090000.0</controlfield>
  <datafield tag="090" ind1="0" ind2="0">
   <subfield code="a">wQA75.5 </subfield>
   <subfield code="b">TRA 1992</subfield>
  </datafield>
  <datafield tag="245" ind1="1" ind2="0">
   <subfield code="a">TRAINING for the 21st century connecting you to the new millennium : </subfield>
   <subfield code="b">850 CONTROLS technology intermediate hydraulics laboratory manual.</subfield>
  </datafield>
  <datafield tag="260" ind1="0" ind2="0">
   <subfield code="a">Indiana: </subfield>
   <subfield code="b">Applied Technology Group, </subfield>
   <subfield code="c">1992.</subfield>
  </datafield>
  <datafield tag="300" ind1=" " ind2=" ">
   <subfield code="a">various pages,: </subfield>
   <subfield code="b">ill.; </subfield>
   <subfield code="c">30cm.</subfield>
  </datafield>
  <datafield tag="500" ind1="0" ind2="0">
   <subfield code="a">Training for the 21st  century connecting to the new millennium by Pusat Pembangunan Tenaga Manusia Selangor</subfield>
  </datafield>
  <datafield tag="650" ind1="0" ind2="0">
   <subfield code="a">Engineering -- </subfield>
   <subfield code="x">Electrical </subfield>
  </datafield>
 </record>
</collection>
